Most Guessed Biggest World Cities within 250 Km by Continent - Statistics

General Stats
  • This quiz has been taken 70 times
  • The average score is 37 of 47
Answers on the Map
Answers color-coded by a green-red scale on the quiz's map according to % correct below.
 
Answer Stats
Lat Lon Pop D Country City % Correct
40.74998 -73.98002 22000k 3360 United States New York
100%
33.98998 -118.17998 17600k 2479 United States Los Angeles
98%
59.91669 10.74998 1140k 419 Norway Oslo
94%
48.86669 2.33334 11200k 341 France Paris
94%
-33.92001 151.18518 105k 312 Canada Sydney
94%
-33.92001 151.18518 4900k 5380 Australia Sydney
94%
35.68502 139.75141 39500k 2903 Japan Tokyo
94%
-41.28664 174.77557 381k 490 New Zealand Wellington
94%
39.92889 116.38829 21100k 958 China Beijing
92%
52.52182 13.40155 4500k 450 Germany Berlin
92%
-15.78334 -47.91605 3825k 623 Brazil Brasília
92%
41.10500 29.01000 14300k 1243 Turkey Istanbul
92%
-26.17004 28.03001 13400k 4483 South Africa Johannesburg
92%
51.49999 -0.11672 14400k 2508 United Kingdom London
92%
64.13548 -21.89541 118k 1325 Iceland Reykjavik
92%
-22.92502 -43.22502 12700k 354 Brazil Rio de Janeiro
92%
-33.45001 -70.66704 7050k 1139 Chile Santiago
92%
36.80278 10.17968 2500k 570 Tunisia Tunis
92%
39.92724 32.86439 4675k 351 Turkey Ankara
90%
30.04996 31.24997 16800k 2899 Egypt Cairo
90%
-33.92001 18.43499 4125k 1261 South Africa Cape Town
90%
-12.04801 -77.05006 9950k 3130 Peru Lima
90%
-37.82003 144.97502 4400k 708 Australia Melbourne
90%
36.76306 3.05055 3675k 518 Algeria Algiers
89%
47.91667 106.91662 1300k 839 Mongolia Ulaanbaatar
89%
10.50100 -66.91704 3700k 1025 Venezuela Caracas
87%
58.30194 -134.41972 31k 872 United States Juneau
86%
-0.21499 -78.50005 2550k 272 Ecuador Quito
86%
32.89250 13.18001 1110k 513 Libya Tripoli
84%
15.35473 44.20659 2475k 861 Yemen Sana'a
83%
-16.49797 -68.14999 1890k 1078 Bolivia La Paz
81%
-33.96300 22.46173 174k 272 South Africa George
79%
-12.46113 130.84185 129k 720 Australia Darwin
78%
5.41361 100.32937 29k 313 Malaysia George Town
76%
6.80448 -58.15527 235k 521 Guyana Georgetown
76%
23.61332 58.59331 1180k 380 Oman Muscat
76%
-23.69748 133.88362 25k 1284 Australia Alice Springs
71%
5.86638 -55.16682 223k 346 Suriname Paramaribo
67%
-18.14161 178.44149 77k 1332 Fiji Suva
65%
-4.61667 55.45000 22k 1085 Seychelles Victoria
65%
64.83778 -147.71639 31k 418 United States Fairbanks
63%
-21.13938 -175.20180 22k 744 Tonga Nuku'alofa
41%
-54.80000 -68.30000 58k 250 Argentina Ushuaia
38%
-53.15483 -70.91129 117k 847 Chile Punta Arenas
32%
49.63417 100.16250 27k 292 Mongolia Mörön
14%
12.58472 -81.70056 58k 321 Colombia San Andres
14%
44.67024 102.17491 27k 506 Mongolia Hovd
6%
No matching quizzes found
Score Distribution
Percent of People with Each Score
Percentile by Number Answered
Your Score History
You have not taken this quiz